LEADER 02697 am 2200577 n 450 001 9910348258203321 005 20181204 010 $a2-7297-1088-4 024 7 $a10.4000/books.pul.10299 035 $a(CKB)4100000009763145 035 $a(FrMaCLE)OB-pul-10299 035 $a(oapen)https://directory.doabooks.org/handle/20.500.12854/57820 035 $a(PPN)241653517 035 $a(EXLCZ)994100000009763145 100 $a20210809j|||||||| ||| 0 101 0 $afre 135 $auu||||||m|||| 181 $ctxt$2rdacontent 182 $cc$2rdamedia 183 $acr$2rdacarrier 200 10$aRecherches sur la socialisation démocratique /$fGuy Vincent 210 $aLyon $cPresses universitaires de Lyon$d2018 215 $a1 online resource (136 p.) 311 $a2-7297-0749-2 330 $aSont réunis dans ce volume quelques-uns des textes, pour la plupart inédits, jalonnant un itinéraire de recherche qui a conduit du concept de forme scolaire, élaboré pour rendre compte de ce que Durkheim appelait l'école à proprement parler, à celui de socialisation démocratique. La méthode utilisée dans ces recherches, celle d'une sociologie historique et compréhensive, attachée aux significations que les hommes cherchent à donner à leur existence sociale, permet de réfléchir à quelques-unes des notions tantôt oubliées, tantôt mythifiées, toujours réinterprétées, selon lesquelles nos sociétés ont cherché à se construire et se reconstruire : démocratie, « instruction publique », citoyenneté, « civilité républicaine »... Même lorsqu'elles portent sur des périodes du passé, les enquêtes ici présentées traitent donc des problèmes du présent et, loin d'enfermer dans les limites strictes de la scolarisation, elles abordent non seulement les fonctions dévolues à l'école par les politiques d'éducation, mais, plus profondément, le problème des rapports entre l'école et la cité. 606 $aSociology 606 $aécole 606 $aéducation 606 $atravail 606 $aéducation civique 606 $asocialisation 606 $apolitique 610 $apolitique 610 $asocialisation 610 $aéducation 610 $atravail 610 $aéducation civique 610 $aécole 615 4$aSociology 615 4$aécole 615 4$aéducation 615 4$atravail 615 4$aéducation civique 615 4$asocialisation 615 4$apolitique 700 $aVincent$b Guy$01234477 801 0$bFR-FrMaCLE 906 $aBOOK 912 $a9910348258203321 996 $aRecherches sur la socialisation démocratique$93023691 997 $aUNINA LEADER 03710nam 2200637 a 450 001 9910778420403321 005 20200520144314.0 010 $a1-282-39690-0 010 $a9786612396908 010 $a90-474-2363-1 024 7 $a10.1163/ej.9789004155350.i-208 035 $a(OCoLC)180908152 035 $a(CKB)1000000000807505 035 $a(EBL)467797 035 $a(OCoLC)567744331 035 $a(SSID)ssj0000342571 035 $a(PQKBManifestationID)11252502 035 $a(PQKBTitleCode)TC0000342571 035 $a(PQKBWorkID)10284960 035 $a(PQKB)10042664 035 $a(MiAaPQ)EBC467797 035 $a(nllekb)BRILL9789047423638 035 $a(Au-PeEL)EBL467797 035 $a(CaPaEBR)ebr10355181 035 $a(CaONFJC)MIL239690 035 $a(PPN)174400934 035 $a(EXLCZ)991000000000807505 100 $a20071106d2008 uy 0 101 0 $aeng 135 $aur|n|---||||| 181 $ctxt 182 $cc 183 $acr 200 00$aRussia and its constitution$b[electronic resource] $epromise and political reality /$fedited by Gordon B. Smith and Robert Sharlet 210 $aLeiden ;$aBoston $cMartinus Nijhoff Publishers$dc2008 215 $a1 online resource (236 p.) 225 1 $aLaw in Eastern Europe ;$vno. 58 300 $aDescription based upon print version of record. 311 $a90-04-15535-X 320 $aIncludes bibliographical references and index. 327 $tPreliminary Material /$rGordon B. Smith and Robert Sharlet --$tConstitutionalism and Accountability in Contemporary Russia: the Problem of Displaced Sovereignty /$rRichard Sakwa --$tThe Russian Constitutional Courts Long Struggle for Viable Federalism /$rRobert Sharlet --$tRussias Constitutional Spirit: Judge-Made Principles in Theory and Practice /$rAlexei Trochev --$tPress Freedom in Russia:Does the Constitution Matter? /$rPeter Krug --$tThe Procuracy: Constitutional Questions Deferred /$rGordon B. Smith --$tModern Russian Criminal Procedure: the Adversarial Principle and Guilty Plea /$rStanislaw Pomorski --$tJury Trial and Adversary Procedure in Russia: Reform of Soviet Inquisitorial Procedure or Democratic Window-Dressing? /$rStephen C. Thaman --$tRussias Constitutional Project and Prospects for the Future /$rGordon B. Smith --$tAbout the Authors /$rGordon B. Smith and Robert Sharlet --$tList of Russian-Language Abbreviations /$rGordon B. Smith and Robert Sharlet --$tIndex /$rGordon B. Smith and Robert Sharlet. 330 $aThe Constitution of the Russian Federation was ratified in 1993 amid great hopes and aspirations following the collapse of the USSR. The constitution proclaims the goal of establishing a ?democratic, federal state? that functions according to rule of law and promises a broad array of social, political and economic rights to its citizens. But how well has the Russian government lived up to realizing these promises? Seven distinguished scholars on Russian politics and law examine the state of political accountability, federal power-sharing, judicial independence, press freedom, and criminal procedure in Russia today. The picture that emerges is decidedly mixed; they conclude that the Russian constitution remains a work in progress. 410 0$aLaw in Eastern Europe ;$vno. 58. 606 $aConstitutional law$zRussia (Federation) 615 0$aConstitutional law 676 $a342.4702 686 $a86.51$2bcl 701 $aSmith$b Gordon B$0246836 701 $aSharlet$b Robert S$0313627 801 0$bMiAaPQ 801 1$bMiAaPQ 801 2$bMiAaPQ 906 $aBOOK 912 $a9910778420403321 996 $aRussia and its constitution$93816466 997 $aUNINA